000 00727cam a22002533a 4500
001 2794
003 PGUSA
005 20140828083021.0
008 060327s2006||||xxu|||||s|||||000 1 eng d
040 _aPGUSA
_beng
042 _adc
050 4 _aPS
100 1 _aHarte, Bret,
_d1836-1902
245 1 0 _aFound at Blazing Star
_h[electronic resource] /
_cBret Harte
260 _bProject Gutenberg,
_c2006
506 _aPublic domain in the USA.
516 _aElectronic text
653 _aCalifornia -- Social life and customs -- Fiction
653 _aWestern stories
653 _aAmerican fiction -- 19th century
830 0 _aProject Gutenberg
_v2794
856 4 0 _uhttp://www.gutenberg.org/ebooks/2794
942 _cEB
999 _c232126
_d232126